[Event "Olympiad-36"]
[Site "Mallorca"]
[Date "2004.10.27"]
[Round "12"]
[White "Sermek, Drazen"]
[Black "Nogueiras Santiago, Jesus"]
[Result "0-1"]
[WhiteElo "2547"]
[BlackElo "2546"]
[Annotator "Psakhis,L"]
[PlyCount "65"]
[EventDate "2004.10.15"]
[EventType "team-swiss"]
[EventRounds "14"]
[EventCountry "ESP"]
[SourceTitle "CBM 104"]
[Source "ChessBase"]
[SourceDate "2005.01.27"]
[SourceVersion "1"]
[SourceVersionDate "2005.01.27"]
[SourceQuality "1"]
[WhiteTeam "Slovenia"]
[BlackTeam "Cuba"]
[WhiteTeamCountry "SLO"]
[BlackTeamCountry "CUB"]

1. e4 e6 2. d4 d5 3. Nd2 c5 4. exd5 Qxd5 5. Ngf3 cxd4 6. Bc4 Qd6 7. O-O Nf6 8.
Nb3 Nc6 9. Nbxd4 Nxd4 10. Nxd4 a6 11. Re1 Bd7 (11... Qc7 12. Bb3 Bd7 13. Qf3
Bd6 14. h3 O-O-O 15. c3 h6 (15... Rhg8 16. a4 Bh2+ 17. Kh1 Be5 18. Qe3 Bd6 19.
Qf3 Be5 20. Qe3 Bxd4 21. Qxd4 Bc6 22. Qf4 Qb6 23. Bc2 Rd7 24. a5 Qc5 25. Be3
Qh5 26. Kg1 Nd5 {0-1 Mihalichenko,B-Kobylkin,E/Kharkov Kaissa op 2003/ (44)})
16. a4 Kb8 17. Qe2 g5 18. Be3 Bh2+ 19. Kh1 Bf4 20. Bxf4 gxf4 21. Qe5 Qxe5 22.
Rxe5 Bc6 $11 {0-1 Adams,M-Akopian,V/Wch Las Vegas 1999/ChessBase (65)}) 12. Be3
(12. h3 O-O-O 13. c3 Qc7 14. Qe2 Bc5 15. b4 Ba7 16. b5 e5 17. Nc2 axb5 18. Bxb5
Bxf2+ 19. Kxf2 Qb6+ 20. Nd4 exd4 21. Bxd7+ Rxd7 22. cxd4 Nd5 23. Qe4 Qg6 {
1/2-1/2 Sokolov,A-Huebner/Tilburg 1987/ChessBase}) (12. c3 Qc7 13. Qe2 Bd6 14.
Bg5 (14. h3 O-O 15. Bg5 {leads to a very complicated game, for example} Bh2+ (
15... Rac8 16. Bb3 Bh2+ 17. Kh1 Bf4 18. Bxf6 gxf6 19. Rad1 Rcd8 20. Qh5 f5 21.
Bc2 Kh8 22. Rd3 Bc6 23. Nxc6 Rxd3 24. Bxd3 Qxc6 25. Rd1 Rg8 26. Bf1 Qc7 {
1/2-1/2 Perez Candelario,M-Palacios Perez,M/ESP-ch op Ayamonte 2002/ (37)}) 16.
Kh1 Bf4 17. Bxf6 gxf6 18. Bd3 f5 19. Qh5 Bc6 $1 20. Bxf5 $6 exf5 21. Nxf5 Kh8
22. Qh4 Be5 23. f4 Qd7 24. Rxe5 f6 25. Rc5 Bxg2+ $1 26. Kxg2 b6 27. Ne7 Qxe7
28. Rh5 Rg8+ 29. Kf1 Qg7 {0-1 Vorobiov,E-Danielian,O/Moscow Goldberg 1998 (29)}
) 14... O-O 15. Bd3 {Interesting novelty in well known position. Black
successfully defended after} (15. Bxf6 gxf6 16. Bd3 (16. Qg4+ Kh8 17. Qh4 Rg8
18. Qxf6+ Rg7 19. Re4 Rag8 20. Nf3 Qc5 21. Bf1 Be7 $44 {0-1 Canda,D-Vilela,J/
Sagua la Grande 1989/ (28)}) 16... f5 17. Qh5 Kh8 18. Nf3 Be8 19. Qh4 Rg8 $13 {
Gruenfeld,Y-Bruk,O/Tel Aviv 1990/1-0 (53)}) ({or} 15. g3 Rae8 16. Bd3 Nd5 17.
Rad1 Be7 18. h4 Bc5 19. Bc2 f5 20. Qf3 h6 21. Bc1 Nf6 22. Bb3 Bxd4 23. Rxd4 Kh8
$11 {0-1 Hjartarson,J-Nogueiras,J/Thessaloniki (ol) 1988/Inf 46 (50)}) 15...
Nd5 ({It is too dangerous for Black to take the pawn -} 15... Bxh2+ 16. Kh1 Bf4
17. Bxf6 gxf6 18. Qh5 (18. Qg4+ Kh8 19. g3 Bh6 20. Qh5 Kg7 21. Re4 $40) 18...
f5 $8 19. Nxf5 $1 exf5 20. Re7 $16) 16. Qh5 g6 (16... h6 $2 17. Bxh6) 17. Qh4
Bf4 $5 18. g3 {I have a feeling that after this move Black hasn't any problems.
} ({Perhaps Kotronias should have considered} 18. Be4 $142 $5 Bxg5 19. Qxg5 $36
) 18... Bxg5 19. Qxg5 Rae8 {[%cal Ge6e5] 1/2-1/2 Kotronias,V-Nogueiras,J/
Montreal 2002/CBM 91/[Psakhis] (26)}) 12... Qc7 13. Bb3 Bd6 $146 {This is an
interesting way to solve the opening problems.} ({Before Black tried few times
} 13... O-O-O {but, unfortunately, without great results. For example:} 14. Qe2
(14. Qf3 e5 15. Ne2 Bg4 16. Qg3 h5 17. f3 Bf5 18. Nc3 Bg6 19. Qf2 Rd6 20. Rad1
Rxd1 21. Rxd1 Bb4 22. Bb6 Qe7 23. Na4 Bd6 24. Ba5 Kb8 25. Qd2 Bc7 26. Bb4 Qe8
27. Bd6 Qc6 28. Qb4 Nd7 {Foster,D-Smits,M/corr 1998/ChessBase/1/2-1/2} {RR} 29.
Bxc7+) 14... Bd6 (14... h5 15. h3 Bd6 16. a4 Bc6 17. Nb5 axb5 18. axb5 Be8 19.
Ra8+ Kd7 20. b6 Qc6 21. Ba4 Rxa8 22. Bxc6+ bxc6 23. Rd1 Nd5 24. c4 Ke7 25. cxd5
{1-0 Kujala,A-Raisa,U/FIN t-ch 1989/ChessBase (35)}) 15. h3 Rhg8 16. c4 g5 17.
c5 Bh2+ 18. Kh1 e5 19. c6 $1 exd4 20. cxd7+ Qxd7 21. Kxh2 dxe3 22. Qxe3 Qc7+
23. Kg1 Kb8 24. Rac1 Qf4 25. Qxf4+ gxf4 26. Re7 $16 {Vajda,L-Boldirev,A/WchJ
1993/ChessBase/1-0 (60)}) 14. h3 O-O 15. Bg5 Bh2+ 16. Kh1 Bf4 (16... Be5 $5 17.
c3 h6) 17. Bxf6 (17. Bxf4 Qxf4 18. Kg1 $11) 17... gxf6 18. Qh5 Kh8 19. Rad1 Be8
$1 {[%cal Gf8g8,Gg8g7] Good prophylactic move.} 20. c3 (20. Qf3 Be5 21. c3 Rg8
$11) 20... Rg8 {[%csl Gg8,Rh1] White has got nothing from the opening: Black's
pieces are well developed and coordinated.} 21. Bc2 $6 {This pseudo-active
move creates just problems for White.} f5 22. Qh4 (22. Rd3 {[%cal Ge1d1]} Rg5
23. Qd1 $15) 22... Rg6 {[%cal Cg2g3,Cg3f4,Ge8d7,Ga8g8]} 23. Ne2 Be5 $36 {
Black has accomplished his strategical plan and stands better} 24. f3 $6 (24.
Nd4 $5 {[%csl Gc6]}) 24... Bc6 $17 {White's position is hopelessly passive} 25.
Rg1 Rag8 26. Qf2 Bh2 $5 27. Nd4 $2 {Bad move!} ({After stubborn} 27. Rge1 $142
Rxg2 $140 28. Qxg2 Rxg2 29. Kxg2 Be5 30. Rd3 $17 {White could still hope for
successful defence.}) 27... Bxg1 28. Rxg1 Bd7 $19 {[%cal Gc7f4]} 29. f4 Qb6 $1
{[%cal Rd7c6,Ob6b2,Gb6f2]} 30. Qe3 (30. Bd3 Bc6 31. Bf1 Rg3 $19) 30... Bc6 $1
31. Nxf5 (31. Qe5+ f6 32. Qxe6 Bxg2+ 33. Kh2 Qxb2 34. Qxf5 Qxc3 $19) 31... Qxe3
32. Nxe3 Rg3 {[%cal Rg3e3,Rg3h3]} 33. Bxh7 {Final joke!} 0-1

[Event "Dos Hermanas-B"]
[Site "Dos Hermanas"]
[Date "2003.03.30"]
[Round "3"]
[White "Korneev, Oleg"]
[Black "Fernandez Romero, Ernesto"]
[Result "1-0"]
[WhiteElo "2613"]
[BlackElo "2396"]
[Annotator "Psakhis,L"]
[PlyCount "53"]
[EventDate "2003.03.28"]
[EventType "tourn"]
[EventRounds "9"]
[EventCountry "ESP"]
[EventCategory "10"]
[SourceTitle "CBM 095"]
[Source "ChessBase"]
[SourceDate "2003.07.25"]
[SourceVersion "1"]
[SourceVersionDate "2003.07.25"]
[SourceQuality "1"]

1. e4 e6 2. d4 d5 3. Nd2 c5 4. Ngf3 cxd4 5. exd5 Qxd5 6. Bc4 Qd6 7. O-O Nf6 8.
Nb3 Nc6 9. Nbxd4 Nxd4 10. Nxd4 Bd7 11. b3 ({I would prefer} 11. c3 $5 {with
possible continuation} Qc7 12. Qe2 Bd6 13. Nb5 Bxb5 14. Bxb5+ Ke7 15. g3 $14 {
with small but stable advantage}) 11... a6 ({Worth considering} 11... O-O-O 12.
Bb2 Qc7 13. Qe2 h5 $5 {with big complications and what is important, Black
didn't waste time for move a6}) 12. Bb2 Qc7 13. Qe2 O-O-O (13... Bd6 $2 14. Nf5
$1 Bxh2+ 15. Kh1 O-O-O 16. Nxg7 Qf4 17. Nh5 Nxh5 18. Qxh5 $18 {1-0 Hermansson,
E-Djurhuus,R/SWE t-ch 0001 2000/ (45)}) 14. Rad1 h5 15. Nf3 Bd6 (15... Bc5 16.
Be5 (16. Ne5 $5 Ng4 $140 17. Nxg4 hxg4 18. Be5) 16... Qc6 17. h3 (17. Ng5 $5)
17... Ne8 18. Bc3 f6 19. Ba5 $36 {1/2-1/2 Psakhis,L-Nikolic,P/Sochi 1982 (42)})
16. h3 Bc6 17. Ne5 {It is quite clear that White got edge} Kb8 $146 (17... Bd5
18. Bd3 (18. Bxd5 exd5 $5 $13) 18... Ng4 (18... Kb8 $5) 19. Nxg4 (19. hxg4 hxg4
20. c4 Rh4 $1 $40) 19... hxg4 20. Qxg4 Kb8 21. f4 f5 22. Qe2 $16 {[%cal Gd3c4]
1-0 Luecke,N-Luther,T/Borsodtavho 1991 (34)}) 18. Rfe1 Bb4 (18... Bd5 $5) 19.
Rxd8+ $5 (19. Nxc6+ Qxc6 20. c3 Bd6 21. Bd3 $36 {[%cal Gc3c4]}) 19... Rxd8 20.
Rd1 Rxd1+ (20... Bd5 21. Bxd5 Rxd5 22. Rxd5 Nxd5 23. c4 $14) 21. Qxd1 {Despite
the reduced material, White can still generate dangerous threats.} Be4 $2 {
[%mdl 8192] This rather mechanical move is not accurate, and Black meets now
serious problems.} (21... Be8 $142 22. a4 $14 (22. Nd3 Bd6 $13)) 22. Nxf7 $1
Bxc2 $8 (22... Qxf7 23. Qd8+ Ka7 24. Bd4+ b6 25. Qxb6+ Ka8 26. Qxa6+ Kb8 27.
Be5+ $18) 23. Qxc2 Qxf7 24. Be5+ Ka7 {White's advantage can be seen with the
blind eye but it is difficult to believe that Black will managed to make only
two and a half moves before end of the game.} (24... Ka8 25. Bxa6 $1) 25. Bxa6
$1 {Final blow!} bxa6 (25... Kxa6 26. Qc4+ Ka5 27. Bc7+ b6 28. Qc6 $1 $18 {
[%cal Rc6b6,Rc6a4]}) 26. Qc8 {[%cal Re5d4]} Qe8 (26... Nd7 27. Qc7+ Ka8 28. Bd4
$18) 27. Bd4+ 1-0

[Event "Lausanne YM sf"]
[Site "Lausanne"]
[Date "1999.05.15"]
[Round "1"]
[White "Ponomariov, Ruslan"]
[Black "Sadvakasov, Darmen"]
[Result "1-0"]
[WhiteElo "2609"]
[BlackElo "2487"]
[Annotator "Psakhis,L"]
[PlyCount "107"]
[EventDate "1999.05.??"]
[EventType "match"]
[EventRounds "1"]
[EventCountry "SUI"]
[SourceTitle "CBM 071"]
[Source "ChessBase"]
[SourceDate "1999.08.01"]
[SourceVersion "1"]
[SourceVersionDate "1999.08.01"]
[SourceQuality "1"]

1. e4 {Hecht} e6 2. d4 d5 3. Nd2 c5 4. Ngf3 cxd4 5. exd5 Qxd5 6. Bc4 Qd6 7. O-O
Nf6 8. Nb3 Nc6 9. Nbxd4 Nxd4 10. Nxd4 a6 11. Re1 Qc7 12. Bb3 Bd6 13. Nf5 Bxh2+
14. Kh1 O-O 15. Nxg7 Rd8 16. Qf3 Kxg7 17. Bh6+ Kg6 18. Rad1 $5 {Fresh idea in
a well known line. White tryed to get an advantage last years with} (18. c3 {
but it looks that black found almost by force a draw -} Nh5 19. Bc1 Bf4 20. g4
Ng3+ $1 21. fxg3 Bxc1 22. Raxc1 b6 23. Bc2+ Kg7 24. Be4 Ra7 25. Rc2 Bb7 26. Rh2
Bxe4 27. Qxe4 Qb7 28. Rxh7+ Kg8 29. Qxb7 Rxb7 30. Rh2 Rd3 $11 {1/2-1/2 Brodsky,
M-Glek,I/Wijk aan Zee-B 1999/CBM 69 (38)}) 18... Rxd1 19. Rxd1 Qe5 {N/} ({
In the first game where White played 18.Rad1 black made most natural move} 
19... Bd7 {but after} 20. Rd4 Qe5 21. Be3 Bc6 $6 22. Rg4+ $1 Nxg4 23. Qxg4+ Kf6
24. Qh4+ Kg7 25. Bd4 Kg8 26. Bxe5 Bxe5 27. c3 $16 {1-0 Korneev,O-Vakhidov,T/
Ubeda 1997/ (36) white's advantage is obvious.}) ({Deserves attention} 19...
Be5 20. Qe3 Ne4 $1 $13) 20. Be3 Qh5 {It is difficult to find another answer,
but now White get a clear and stable advantage in the ending.} 21. Qxh5+ Kxh5
22. Kxh2 Ng4+ 23. Kg3 Nxe3 24. fxe3 {[%csl Ra8,Rc8][%cal Rd1d8] Hecht: '[#]
Der weiße Vorteil gründet sich auf die aktivere Figurenstellung und den
abseits postierten schwarzen König.'} b5 (24... b6 25. Rd6 Rb8 26. Kf4 (26. Rd8
{Hecht} Ra8 27. Kf4 Kg6 $13 {[%cal Yc8b7]})) (24... Kg6 $5 {Hecht wobei
allerdings die Schwäche von h7 den Königsmarsch nach e7 problematisch
erscheinen läßt. Wenn Schwarz nach dem weiteren Kf6 und Ke7 den Bh7 einfach
opfert, mit dem Läufer auf c6 und dem Turm auf g8 erscheint, ohne den
Damenflügel mit dem Aufzug des b-Bauern zu schwächen, muß Weiß sicherlich
kräftig arbeiten, um seinen Materialvorteil zur Geltung zu bringen.}) 25. Kf4 {
[%cal Rf4e5]} f6 $8 {Hecht: 'schwächt Be6 und zwingt Schwarz danach praktisch
zu e5, wonach der bislang eingeschränkte Lb3 ein prächtiges Feld auf d5 findet.
Besser war wohl: '} (25... Bb7 26. Rd7 Bxg2 27. Rxf7 $16) (25... Kg6 $5 {Hecht}
) 26. e4 $1 {[%cal Ge4e5]} e5+ 27. Ke3 Bg4 (27... Ra7 $5) 28. Rd6 Kg5 29. Bd5
Ra7 30. Rb6 $16 {[%csl Ra7,Gb6,Gd5,Ge3,Rg5][%cal Gb2b3,Gc2c4]} Bc8 31. b3 $1 {
Hecht: 'Bereitet dem c-Bauern den Weg....'} Rc7 32. c4 bxc4 33. bxc4 h5 34. g3
$1 {Ponomariov shows good techniques!} f5 ({Why not} 34... Rc5 $5) 35. exf5
Bxf5 (35... Kxf5 $142 36. a4 $5 (36. Be4+ {Hecht} Kg5 37. Rg6#)) 36. Rxa6 Kg4
37. Kf2 Bd3 38. Ra5 $1 {[%cal Gd5e6,Gd5f3]} Kf5 (38... Bxc4 $2 39. Ra4 $18) (
38... Rd7 $2 {Hecht} 39. Be6+) 39. c5 Be4 (39... e4 {Hecht} 40. c6 Ke5 41. Ke3
Kd6 42. Bxe4 Bxe4 43. Kxe4 Rxc6 44. Rxh5 Rc2 (44... Ra6 $2 45. Rh6+) (44...
Rc4+ 45. Kf5 Ra4 46. Rh7 Rxa2 47. g4 $18) 45. Rh6+ Ke7 46. Ra6 $18 {beläßt
Schwarz dennoch einige kleine praktische Rettungschancen.}) 40. Bc4 {[%csl Rh5]
[%cal Gc4e2]} h4 $5 41. gxh4 Rh7 42. Ke3 Rxh4 43. Ra7 $18 Rh3+ 44. Kd2 Bc6 (
44... Rh2+ 45. Kc3 Rh3+ 46. Kb4 $18) 45. Ra6 Rh6 46. a4 Rh2+ (46... Ke4 47. Kc3
) 47. Kc3 Bf3 (47... Rh6 {Hecht} 48. Bb5 Rh3+ 49. Kb4 Rh4+ 50. Ka5 $18) 48. Rd6
{Hecht: '[#]'} Rh1 (48... Rh7 {Hecht} 49. c6 Rc7 50. Be6+ Kf4 51. Bd7 e4 52.
Kd4 $18 {verhindert e3 und droht Kd4-c5-b6}) 49. c6 Rh7 50. Rd7 Rh6 (50... Rh8
{Hecht} 51. c7 {[%cal Rd7d8]} Rc8 52. Ba6 $18) (50... Rh3 {Hecht} 51. Rf7+ Ke4
52. Bd3+ Ke3 53. Rxf3+ Kxf3 54. c7 Rh8 55. Bf5 e4 56. c8=Q Rxc8+ 57. Bxc8 e3
58. Ba6 $18) 51. Rf7+ Kg4 52. Rxf3 $1 Kxf3 53. Bd5+ (53. c7 $4 Rc6) 53... e4
54. c7 (54. c7 Rh8 55. Bb7 $18) 1-0

[Event "Dos Hermanas-B"]
[Site "Dos Hermanas"]
[Date "2001.04.26"]
[Round "8"]
[White "Korneev, Oleg"]
[Black "Vega Holm, Fernando"]
[Result "1-0"]
[WhiteElo "2572"]
[BlackElo "2408"]
[Annotator "Psakhis,L"]
[PlyCount "77"]
[EventDate "2001.04.19"]
[EventType "tourn"]
[EventRounds "9"]
[EventCountry "ESP"]
[EventCategory "9"]
[SourceTitle "CBM 083"]
[Source "ChessBase"]
[SourceDate "2001.07.05"]
[SourceVersion "1"]
[SourceVersionDate "2001.07.05"]
[SourceQuality "1"]

1. e4 e6 2. d4 d5 3. Nd2 c5 4. exd5 Qxd5 5. Ngf3 cxd4 6. Bc4 Qd6 7. O-O Nf6 8.
Nb3 Nc6 9. Nbxd4 Nxd4 10. Nxd4 a6 11. Bb3 Bd7 {Sharp and complicated line, but
worth considering modest} (11... Qc7 $5 12. Qf3 Bd6 13. h3 O-O {with good
chances for equalization, for example} 14. Bg5 Nd7 15. c3 Ne5 16. Qh5 Ng6 17.
Bc2 b6 18. Be3 Bb7 19. Nf3 h6 20. Rfd1 Nf4 21. Bxf4 Bxf4 $11 {1/2-1/2 Tiviakov,
S-Ionov,S/EUR-ch Ohrid 2001/ (28)}) 12. c3 O-O-O (12... Qc7 13. Bg5 Bd6 14.
Bxf6 gxf6 15. Qh5 Qc5 16. Qf3 Qe5 17. g3 O-O-O 18. Rfe1 Qg5 19. Bc4 Qc5 20. Bf1
f5 $13 {1/2-1/2 Kudrin,S-Menvielle Lacourrelle,A/Las Palmas op 1997 (52)}) 13.
Qe2 $5 (13. Qf3 e5 14. Nf5 Qc7 15. Bc2 h5 16. Bg5 Bc6 17. Qg3 Re8 18. Rfe1 Nh7
19. Bh4 g6 20. Ne3 Bh6 {Spoel-Van Mechelen/corr 1991/0-1 (65)}) (13. Re1 h5 14.
h3 Qc7 15. Qe2 Bd6 16. Qc4 Nd5 17. Qxc7+ Nxc7 18. Be3 f6 19. Rad1 e5 20. Nf3
Be6 21. Bb6 Bxb3 22. axb3 Rd7 {1/2-1/2 Ivanovic,B-Vera,R/Berlin op 1988 (22)})
13... Qc7 14. a4 Bd6 15. h3 Rdg8 $146 {[%cal Gg7g5]} (15... Kb8 16. Rd1 Bh2+
17. Kh1 Bf4 18. Re1 Bxc1 19. Raxc1 Ne8 20. Bd1 Nd6 21. c4 e5 22. Nf3 f6 $13 {
1/2-1/2 Varga,Z-Lipka,J/Gyor jr 1991 (33)}) 16. Nf3 $1 Bc6 17. Re1 {[%cal
Gf3e5]} g5 18. Ne5 ({It's will be too risky for white to take pawn-} 18. Nxg5
Rg7 $44 {[%csl Rg1][%cal Gh8g8]}) 18... Be4 $1 {Correct move as} (18... Bxe5
19. Qxe5 Qxe5 20. Rxe5 g4 21. h4 (21. hxg4 Rxg4 22. Rg5 Rg8) 21... g3 22. f3 $1
{[%csl Gb3,Gc1] leads to white's favour thank's to pair of strong bishops}) 19.
Ng4 Nxg4 20. hxg4 ({It is really difficult to estimate position in the case of
} 20. Qxe4 Bh2+ 21. Kf1 Nxf2 $1 22. Qf3 (22. Qc4 Qxc4+ 23. Bxc4 Nh1 $5) (22.
Kxf2 Qb6+) 22... g4 $132 {with wild complications.}) 20... Bc6 21. Bc2 h5 $5 {
Brave move, but black had nothing to worry about after simple} (21... Bh2+ $5
22. Kf1 (22. Kh1 Bf4 $15 {[%csl Rh1][%cal Gh7h5]}) 22... Bf4 $13) 22. gxh5 g4
23. h6 $8 {[%csl Gh6]} g3 24. f3 Qe7 {[%cal Re7h4]} 25. Qc4 $8 (25. h7 Qh4 26.
hxg8=Q+ Rxg8 27. Qe3 $8 (27. Be3 Rh8 28. Kf1 Qh1+ 29. Bg1 Bc5 $19) 27... Rh8
28. Kf1 Qh1+ 29. Qg1 Bxf3 $1 $132) 25... Bc5+ 26. Kf1 (26. Be3 $2 Bxe3+ 27.
Rxe3 Qg5 $19) 26... b5 $2 {Black takes too much risk!} ({He should have
continue} 26... Bd5 $1 {and after almost force} 27. Qxd5 $5 (27. Qf4 Bd6 28.
Qd4 Bc5) 27... exd5 28. Rxe7 Bxe7 29. Bf4 $44 {White have enough compensation
for exchange, but not more.}) 27. Qf4 Bd6 28. Qd4 Bc5 29. Qe5 Bd6 30. Qh5 $1
Bd5 31. axb5 {It seems that Black's position can no longer be saved - there
are too many White' pieces pointed at the black king, who is almostl alone} Qa7
(31... Bc4+ 32. Kg1 Bxb5 33. Be3 $18) 32. Be3 Bc5 33. Rxa6 $18 Bxe3 34. Rxa7
Bc4+ 35. Re2 Bxa7 36. Qxf7 Be3 37. Bd3 (37. Be4 $5) 37... Bxd3 (37... Rf8 38.
Qe7 Re8 39. Qd6 $18) 38. Qxe6+ Kb8 39. Qd6+ 1-0

[Event "FIDE World Cup 7-8"]
[Site "Khanty-Mansiysk"]
[Date "2005.12.15"]
[Round "7.1"]
[White "Rublevsky, Sergei"]
[Black "Gurevich, Mikhail"]
[Result "1-0"]
[WhiteElo "2652"]
[BlackElo "2652"]
[Annotator "Psakhis,L"]
[PlyCount "45"]
[EventDate "2005.11.27"]
[EventType "k.o."]
[EventRounds "7"]
[EventCountry "RUS"]
[SourceTitle "CBM 111"]
[Source "ChessBase"]
[SourceDate "2006.04.04"]
[SourceVersion "1"]
[SourceVersionDate "2006.04.04"]
[SourceQuality "1"]

1. e4 e6 2. d4 d5 3. Nd2 c5 4. Ngf3 cxd4 5. exd5 Qxd5 6. Bc4 Qd8 (6... Qd6 {
is more common, but Mikhail Gurevich likes to explore rare lines.}) 7. O-O Nc6
8. Nb3 a6 9. Nbxd4 (9. Bf4 Bd6 10. Qd2 Nge7 11. Nbxd4 Bxf4 12. Qxf4 Nxd4 13.
Nxd4 Ng6 14. Qe3 Qe7 15. Nb3 O-O 16. Rad1 Bd7 17. Rd2 {1/2-1/2 Nisipeanu,L 
(2670)-Gurevich,M (2630)/FRA t-ch 0405 2005}) 9... Nxd4 10. Nxd4 (10. Qxd4 Qxd4
11. Nxd4 b5 12. Be2 Bb7 13. a4 b4 14. c4 bxc3 15. bxc3 Nf6 16. c4 Nd7 17. Be3
Bc5 18. Rfd1 Rc8 19. Bg5 Be7 20. Be3 Bc5 21. Bg5 h6 {0-1 Feher,G (2405)
-Chernin,A (2570)/HUN t-ch 0304 2003/EXT 2005 (55)}) 10... Bd6 {Black had a
quite big choice now, but, I think, White can keep a maybe small, but lasting
advantage in all lines. For example:} (10... Qc7 $5 11. Bb3 Bd6 12. h3 (12. Re1
Bxh2+ 13. Kh1 Be5 14. Nxe6 Bxe6 15. Bxe6 Nf6 16. Bb3 O-O 17. Qf3 h5 18. Qf5
Rfe8 19. f3 a5 20. a4 Bg3 21. Rxe8+ Rxe8 22. Bd2 b6 23. Rf1 h4 24. c3 Qd7 25.
Qxd7 {Rublevsky,S (2650)-Beliavsky,A (2710)/Wch Groningen 1997/ChessBase/1/2-1/
2 (51)}) 12... Ne7 13. c3 O-O 14. Re1 (14. Qf3 Bd7 15. Bc2 Rad8 16. Bg5 f6 17.
Be3 Kh8 18. Bb3 Qc8 19. Rad1 e5 20. Nc2 Qc7 21. Rfe1 a5 22. a3 b5 {Andrejchuk,
V-Borsuk,K/UKR-ch B14 Kiev 2005/0-1 (57)}) (14. Qh5 e5 15. Nf3 Bf5 16. Ng5 Bg6
17. Qe2 Qc6 18. Re1 h6 19. Nf3 Rae8 20. Qc4 e4 21. Nd4 Qd7 22. Be3 b5 {1/2-1/2
Kovalevskaya,E (2470)-Zatonskih,A (2440)/Calvia Olympiad w 2004/ (45)}) 14...
b6 15. Qh5 Bb7 16. Rxe6 $1 fxe6 17. Nxe6 {Jansa,V-Thennhausen/Eupen active
1995/ChessBase/1-0 (33)}) ({or} 10... Nf6 11. Re1 (11. c3 Bc5 12. Be3 Qc7 13.
Bb3 O-O 14. Qf3 Bd7 15. Rfe1 Bd6 16. h3 e5 17. Nc2 Bc6 18. Qe2 h6 {1/2-1/2
Huebner,R-Petrosian,T/Bugojno 1982/ 1/2-1/2}) 11... Bc5 12. Be3 $5 $146 {
This move is clearly stronger than} (12. Nb3 Qxd1 13. Rxd1 Bb6 14. Be2 Ne4 15.
Be3 Bxe3 16. fxe3 e5 17. Na5 Ke7 $11 {1/2-1/2 Rodriguez,A-Smyslov,V/San Martin
1993 (42)}) 12... O-O 13. Bb3 Qc7 14. c3 (14. Bg5 e5 $5 15. Nf3 Bg4 $11) 14...
Bd6 15. h3 b6 ({In case of} 15... e5 16. Nf3 Bf5 17. Bg5 $1 $14 {Black must
work very hard for equalization}) 16. Bg5 Bb7 17. Bc2 Bh2+ $6 (17... Nd5 $5 {
'Naiditsch'} 18. Qh5 g6 19. Qh4 e5 20. Nf3 $14) (17... Be7 $142 $5) 18. Kh1 Bf4
({Again} 18... Nd5 $5 {is worth considering}) 19. Bxf6 gxf6 20. Rxe6 $5 {
A strong and effective move, but} ({it looks that} 20. Qg4+ $142 $1 {will be
even stronger, for example} Bg5 (20... Kh8 21. Qh4) 21. Ne2 $1 {'+/-!'} (21. h4
Qf4 22. Qxf4 Bxf4 23. Be4 $14) (21. Nxe6 fxe6 22. h4 $16) 21... Kh8 22. f4 Bh6
23. Qh4 Kg7 24. Ng3 $16) 20... fxe6 21. Nxe6 Qe7 (21... Qd6 22. Qg4+ Bg5 23. h4
$16 {''+-''}) (21... Qe5 22. Qg4+ Bg5 23. f4) 22. Nxf4 {1-0 Naiditsch,A (2586)
-Huebner,R (2640)/GER-ch Saarbruecken 2002/CBM 93 (45) White advantage is
obvious, he has two pawns for the exchange and good attacking prospects
against Black's king}) ({worth consideration is} 10... Bc5) 11. Qg4 $146 {
It is interesting that this natural move was never seen in practice. Black
didn't complete his development yet and has some troubles to protect the
kingside.} (11. b3 Nf6 12. Bb2 O-O 13. Re1 Qc7 14. Nf3 Rd8 (14... b5 15. Bd3
Bb7 16. Ne5 Nd5 17. f4 Nb4 18. Ng4 Nxd3 19. Nf6+ Kh8 20. Qxd3 Qc5+ 21. Kh1 Qf5
22. Qxd6 gxf6 {Fuentes,A-Giampa,A/Martinez I 1993/ChessBase/1-0 (25)}) 15. Qe2
b5 16. Bd3 Bb7 17. a4 b4 18. Bxf6 gxf6 19. Be4 Bxe4 20. Qxe4 Rac8 21. Re2 Bf8
22. Qg4+ Kh8 23. Rae1 a5 {1/2-1/2 Tolnai,T (2500)-Chernin,A (2570)/HUN t-ch
0001 2001/Magyar Versenyek (36)}) (11. h3 Nf6 12. a4 O-O 13. Nf3 Qc7 14. b3 b6
15. Bb2 Bb7 16. Re1 Rfe8 17. Qe2 Ne4 18. Bd3 Nc5 19. Bc4 Ne4 20. Bd3 Nc5 21.
Bc4 Ne4 {1/2-1/2 Vajda,L (2480)-Chernin,A (2610)/HUN t-ch 1998/ChessBase})
11... Nf6 12. Qh4 Qc7 (12... b5 $5 13. Bd3 Bb7 14. Re1 O-O 15. Bg5 h6 {leads
to a very complicated and unclear game.}) 13. Bb3 Bd7 14. Bg5 O-O-O 15. Rad1
Be5 $6 ({It looks that after} 15... h6 16. Bxf6 gxf6 {Gurevich could
successfully solve his opening problems.}) 16. f4 $1 {Simple and strong.} Bxd4+
({After} 16... Bd6 $5 17. Bxf6 gxf6 18. Qxf6 Bc5 19. c3 Bc6 {Black would keep
some compensation for a pawn, but White's chances are higher in any case.}) 17.
Rxd4 Bc6 18. Bxf6 gxf6 19. Qxf6 Rxd4 (19... Rhg8 $5) 20. Qxd4 Rg8 21. Rf2 $16
Qa5 {Gurevich doesn't take the chance to put up resistance after} (21... Rd8 $5
22. Qe3 Rd1+ 23. Rf1 Qd7 24. Rxd1 Qxd1+ 25. Kf2 Qh5) 22. Qe5 Qb6 $2 {A
terrible mistake.} ({After} 22... Qxe5 23. fxe5 Kd8 {White still must show
good technique.}) 23. Bxe6+ 1-0